पत्थर का लैम्प-पोस्ट: प्रतिनिधि रचनाएॅं (Record no. 117192)

MARC details
000 -LEADER
fixed length control field 00970nam a2200253Ia 4500
003 - CONTROL NUMBER IDENTIFIER
control field OSt
005 - DATE AND TIME OF LATEST TRANSACTION
control field 20220918111921.0
008 - FIXED-LENGTH DATA ELEMENTS--GENERAL INFORMATION
fixed length control field 220915b |||||||| |||| 00| 0 hin d
037 ## - SOURCE OF ACQUISITION
Terms of availability Textbook
040 ## - CATALOGING SOURCE
Language of cataloging hin
Original cataloging agency ARTS
Transcribing agency ARTS
041 ## - LANGUAGE CODE
Language code of text/sound track or separate title hin
100 ## - MAIN ENTRY--PERSONAL NAME
Personal name देवड़ा, शरद
245 #0 - TITLE STATEMENT
Title पत्थर का लैम्प-पोस्ट: प्रतिनिधि रचनाएॅं
246 ## - VARYING FORM OF TITLE
Title proper/short title Patthar kā laimpa-posṭa: pratinidhi rachanāeॅan
260 ## - PUBLICATION, DISTRIBUTION, ETC.
Place of publication, distribution, etc. नई
Name of publisher, distributor, etc. दिल्ली भारतीय ज्ञानपीठ प्रकाशन भारत
Date of publication, distribution, etc. 1960
490 ## - SERIES STATEMENT
Series statement ज्ञानपीठ लोकोदय गं्रथमाला; 125
650 ## - SUBJECT ADDED ENTRY--TOPICAL TERM
Topical term or geographic name entry element हिन्दी साहित्य
942 ## - ADDED ENTRY ELEMENTS (KOHA)
Classification part O152,3N34x, K0
Koha item type Textbook
Source of classification or shelving scheme Colon Classification (CC)

No items available.

Copyright @ Delhi University Library System